000 00311nam a22001337a 4500
020 _a817826334-3
082 _a823
_bROH/L
100 _aROHAN BOOK COMPANY
245 _aLITTLE RED RIDING HOOD
260 _aDELHI
_bROHAN BOOK COMPANY
_c2003
300 _a213
650 _aMODERN ILLUSTRATED CLASSICS
942 _cBK
999 _c295
_d295